|
|
|
|
| LEADER |
00000nab a2200000 a 4500 |
| 001 |
vtls000159137 |
| 003 |
SK-MaSNL |
| 005 |
20260304062511.0 |
| 008 |
250422c1982 xo 0 slo |
| 015 |
|
|
|a SNBRB19rr/mm-uuuuu
|
| 035 |
|
|
|a CL0169247
|
| 035 |
|
|
|a urn:nbn:sk:snk-ab2n77
|
| 035 |
|
|
|a (urnnbn)urn:nbn:sk:snk:ar-a02nx3
|
| 035 |
|
|
|a (uuid)c92e3ef8-2843-4408-963b-198ee39bce34
|
| 040 |
|
|
|a SNKBUCL
|b slo
|c SNKBUCL
|e AACR2
|
| 041 |
0 |
|
|a slo
|
| 044 |
|
|
|a xo
|c SK
|
| 080 |
|
|
|a 551.508:069.51
|2 1981
|
| 080 |
|
|
|a 069.51
|2 1981
|
| 100 |
1 |
|
|a Valovič, Šimon
|4 aut
|9 581775
|
| 245 |
1 |
0 |
|a Meteorologické prístroje a pozorovania na Slovensku ako hnuteľné kultúrne pamiatky
|c Šimon Valovič
|
| 300 |
|
|
|b Obr. 7. Res. franc., lit. 7 zázn. v slov., maď.
|
| 650 |
0 |
7 |
|a meteorológia
|2 snkbucl
|9 873
|
| 650 |
0 |
7 |
|a meteorologické prístroje
|2 snkbucl
|9 50686
|
| 655 |
|
7 |
|a články z novín a časopisov
|2 snkbucl
|9 267496
|
| 773 |
0 |
|
|t Múzeum
|g Roč. 27, č. 4 (1982), s. 57-63
|
| 850 |
|
|
|a Slovenská národná knižnica
|
| 852 |
|
|
|a Slovenská národná knižnica
|
| 954 |
|
|
|a odborná, vedecká literatúra pôvodná (slovenská)
|2 lita
|
| 958 |
|
|
|a article27
|
| 958 |
|
|
|a NB
|
| 958 |
|
|
|a OND
|
| 958 |
|
|
|a EUIPO
|
| 992 |
|
|
|a RBX
|
| 999 |
|
|
|c 2738510
|d 2740440
|